000 00687nam a2200277Ia 4500
005 20260324114726.0
008 008 260324s9999 xx 000 0 eng d
020 _a9781003119173
037 _aEBOOK
040 _aCRL
040 _beng
040 _cCRL
041 _2eng
041 _aeng
084 _qCRL
100 _aChenguang Yang; Chao Zeng; Jianwei Zhang
_91151914
245 0 _aRobot Learning Human Skills and Intelligent Control Design
260 _bTaylor and Francis
260 _c2021
365 _a
365 _b275
856 _uhttp://www.taylorfrancis.com/books/9781003119173
942 _cEBOOK
999 _c1742256
_d1742256